00621nam a22001817a 450000500170000001000150001702000260003202000230005803500130008103700130009408200080010710000140011524501250012926000390025427000600029330000290035349000570038220160920143632.0 aENG-116015 a9789352603305c295.00 a9352603303c295.00 aEN-99547 bDBAD/PUB a005 aGateforum aGATE test series and previous year solved papers computer science & information technology engineering / /cby Gateforum aNoidabMcGraw Hill Educationc2017 aB-4, Sector-63, Dist. Gautam Budh Nagar bNoidae201301 a344p :c24 cm (pbk)bill aA division of thinkcell GATEORUM engineering success